| 000 | 01617 a2200217 4500 | ||
|---|---|---|---|
| 001 | 60396 | ||
| 005 | 20260407155855.0 | ||
| 008 | 260407a2003 arg spa d | ||
| 003 | AR-UNSa-BCEJYS | ||
| 040 |
_aAR-UNSa-BCEJYS _bspa _cAR-UNSa-BCEJYS |
||
| 080 |
_a657 _xContabilidad |
||
| 245 | 1 | 0 |
_aEl modelo contable _pAnálisis doctrinario del modelo de las Normas Contables Profesionales |
| 250 | _a2a. ed. | ||
| 264 | 1 |
_aSan Miguel de Tucumán : _bEdiciones El Graduado _c2003 |
|
| 300 |
_a305 p. _c29 cm. |
||
| 505 | _a1. Introducción al estudio de los modelos contables - 2- El resultado a partir del concepto de capital a mantener - 3. La unidad de medida y el contexto - 4. La acción de homegeneización de las partidas - 5. Cuantificación del efecto producido por la perdida del poder adquisitivo de la moneda, sobre las partidas activas y pasivas - 6. La homegeneización del patrimonio neto y resultados - 7. El proceso secuencial - 8. Las mediciones contables de activos y pasivos - 9. Los devengamientos generados por la utilización de los criterios de medición - 10. Los resultados por tenencia - 11. Un caso general: caso "la novedad" - 12. Distintos modelos contables - 13. Determinación de los valores límites para los activos y pasivos - 14. Activos de costos financieros - 15. Revalúos técnicos - 16. Importancia de un estado de flujo de efectivo - 17. Un caso completo para elaborar el estado de flujo de efectivo - 18. Historia y actualidad del ajuste por inflación | ||
| 041 | _aspa | ||
| 942 | _cBK | ||
| 590 | _aniveau_biblio:m niveau_hierar:0 | ||
| 100 | 1 | _aOstengo, Héctor Carlos | |
| 999 |
_c6965 _d6965 |
||